000 01107nam0a22002411 4500
001 rc\833572
005 20260407133221.0
035 _a(NLR Aleph) 006015476
090 _a7372940
_c7372940
100 _a20041129d1983 |||y0rusy50 ca
101 0 _arus
102 _aRU
105 _ay |||||||||
200 1 _aИспользование иммунологических критериев в дифференцированной терапии неврологических проявлений поясничного остеохондроза
_eМетод. рекомендации
_fМ-во здравоохранения БССР, Упр. лечеб.-профилакт. помощи
_g[Сост. к. м. н. В.Я. Латышевой]
210 _aМинск
_cБ. и.
_d1983
215 _a16 с.
_d20
702 1 _aЛатышева
_bВ.Я.
_4220
712 0 1 _aБССР
_bУправление лечебно-профилактической помощи
_3RU\NLR\AUTH\889995958
_9488934
801 0 _aRU
_bNLR
_gpsbo
801 1 _aRU
_bELAR
_2rusmarc
852 _aNLR
_j83-4/31088
942 _cBOOK
980 _aNB